| 000 | 01119nam a2200253 a 4500 | ||
|---|---|---|---|
| 001 | 000008559 | ||
| 005 | 20240306073904.0 | ||
| 008 | 090917s1999 dr r 001 0 spa d | ||
| 040 |
_aDO-SdBNP _bspa _cBNPHU |
||
| 082 |
_a972.9304 _bG216v, 1999 |
||
| 100 | 1 |
_aGarcía Lluberes, Alcides _d1889-1967 _922941 |
|
| 245 | 1 | 0 |
_a27 de febrero de 1844 : _btres ensayos / _cAlcides García Lluberes, Leonidas García Lluberes, Vetilo Alfau Durán ; prólogo Jaime de Jesús Domínguez. |
| 246 | 2 | _aVeintisiete de febrero de 1844 | |
| 250 | _a2a ed. | ||
| 260 |
_aSanto Domingo : _bLibrería La Trinitaria, _c1999. |
||
| 300 |
_a168 p. ; _c21 cm. |
||
| 500 | _aIncluye datos biográficos de los autores en las página 157-168. | ||
| 504 | _aIncluye referencias bibliográficas y notas al pie de las páginas | ||
| 651 | 4 |
_aRepública Dominicana _xHistoria _y1844-1930 _vENSAYOS, CONFERENCIAS, ETC. _918262 |
|
| 700 | 1 | 2 |
_aGarcía Lluberes, Leonidas, _d1882-1962. _922942 |
| 700 | 1 | 2 |
_aAlfau Durán, Vetilio, _d1909-1985 _910091 |
| 700 | 1 | 2 |
_aDomínguez, Jaime de Jesús, _epról. _910482 |
| 910 | _aValidado. Control de calidad. MFF | ||
| 999 |
_c8329 _d8329 |
||